000 01149nam a2200277 i 4500
001 124452
003 ES-MaACL
005 20250815110838.0
007 t|
008 070327s1926 sp ||||1| spa d
080 _a55(022)
100 1 _aFrech, Fritz.
_952405
245 1 0 _aGeología /
_cFritz Frech ; traducida de la 3ª edición alemana por Carlos de Salas y Vicente Inglada Ors.
260 _aBarcelona :
_bLabor,
_c1926.
300 _a3 v., lám., plan. :
_bil. ;
_c17 cm.
490 1 _aColección Labor ;
_v54-55, 87-88, 272-273
505 8 _aContiene: 1. Volcanes ; Estructura de las montañas ; Temblores de tierra - 2. Actividad del agua corriente ; Formación de los suelos ; Actividad del mar - 3. Carbón de piedra ; Desiertos y clima en la prehistoria geológica ; Glaciares de otro tiempo y actuales
650 7 _aGeología
_2embne
_913086
700 1 _aSalas, Carlos de.
_9101725
700 1 _aInglada Ors, Vicente.
_965295
830 1 0 _aColección Labor
_v54-55, 87-88, 272-273
_9184254
852 _aES-MaACL
_jE-2599
852 _aES-MaACL
_jE-2625
852 _aES-MaACL
_jE-2768
999 _c124452
_d124452